[Event "Titled Tuesday intern op 24th May Late"]
[Site "Chess.com INT"]
[Date "2022.05.24"]
[Round "4"]
[White "Zamorano, Jorge Adrian"]
[Black "Yurovskich, Oleksandr"]
[Result "1/2-1/2"]
[WhiteElo "2341"]
[BlackElo "2328"]
[PlyCount "156"]
[EventDate "2022.05.24"]
[EventType "swiss (blitz)"]
[EventRounds "11"]
[EventCountry "USA"]
[SourceTitle "EXT 2023"]
[Source "ChessBase"]
[SourceDate "2022.10.05"]
[SourceVersion "1"]
[SourceVersionDate "2022.10.05"]
[SourceQuality "1"]

1. e4 d5 2. exd5 Qxd5 3. Nc3 Qd8 4. g3 Nf6 5. Bg2 c6 6. Nge2 Bf5 7. b4 a6 8. Rb1 e6 9. a4 Be7 10. 0-0 0-0 11. b5 axb5 12. axb5 Qc7 13. h3 h6 14. d3 Rd8 15. Bf4 Bd6 16. Qd2 Bxf4 17. Qxf4 Qxf4 18. Nxf4 Nd5 19. bxc6 bxc6 20. Ncxd5 cxd5 21. Ne2 Nc6 22. Rb6 Rac8 23. Ra1 Ne5 24. Nd4 Bg6 25. f4 Nd7 26. Rb7 Nc5 27. Rba7 Rd7 28. Kf2 Rxa7 29. Rxa7 f6 30. Ke3 Bf7 31. Nf3 Rb8 32. Kd4 Nb7 33. Ra6 Rc8 34. Rb6 Nd8 35. Rb2 Nc6+ 36. Ke3 Ne7 37. g4 h5 38. g5 Nf5+ 39. Kd2 Rc7 40. h4 Be8 41. Bh3 Bg6 42. Rb6 Kf7 43. Bxf5 Bxf5 44. Nd4 fxg5 45. fxg5 g6 46. Nf3 Ra7 47. Ne5+ Kf8 48. c4 dxc4 49. dxc4 Ra2+ 50. Ke3 Rc2 51. c5 Ke8 52. Kd4 Rc1 53. Rb8+ Ke7 54. Rb7+ Kd8 55. c6 Kc8 56. Rg7 Rc2 57. Nc4 e5+ 58. Kd5 Be6+ 59. Kxe6 Rxc4 60. Kd5 Rd4+ 61. Kxe5 Rxh4 62. Rxg6 Rc4 63. Kd5 Rc1 64. Rg7 h4 65. Rh7 Rg1 66. Kd6 Rd1+ 67. Kc5 Rg1 68. Kd5 Rxg5+ 69. Kd6 Rg6+ 70. Kd5 Rg1 71. Rxh4 Rd1+ 72. Kc5 Rc1+ 73. Kd6 Rd1+ 74. Kc5 Rc1+ 75. Rc4 Rxc4+ 76. Kxc4 Kc7 77. Kc5 Kc8 78. c7 Kxc7 1/2-1/2

[Event "La Cumbre Rusnak Memorial op"]
[Site "La Cumbre"]
[Date "2019.09.14"]
[Round "2.3"]
[White "Zamorano, Jorge Adrian"]
[Black "Aguilar Samper, Valentin"]
[Result "1-0"]
[WhiteElo "2312"]
[BlackElo "2106"]
[PlyCount "79"]
[EventDate "2019.09.13"]
[EventType "swiss"]
[EventRounds "6"]
[EventCountry "ARG"]
[SourceTitle "EXT 2024"]
[Source "ChessBase"]
[SourceDate "2023.10.10"]
[SourceVersion "1"]
[SourceVersionDate "2023.10.10"]
[SourceQuality "1"]

1. d4 Nf6 2. c4 b6 3. f3 Nc6 4. Nc3 e5 5. d5 Ne7 6. e4 Ng6 7. Be3 Bc5 8. Qd2 d6 9. 0-0-0 h5 10. h4 Bd7 11. g3 a6 12. Kb1 Kf8 13. Nh3 Bc8 14. Ng5 Kg8 15. Be2 Qe7 16. Rdf1 Bd7 17. a3 Bxe3 18. Qxe3 a5 19. Qd2 Re8 20. Bd3 Qd8 21. Bc2 Rh6 22. Nd1 Nh7 23. f4 Nf6 24. f5 Nf8 25. Nf2 Rh8 26. Rfg1 N8h7 27. Bd1 Kf8 28. g4 hxg4 29. Bxg4 Ke7 30. Bf3 Reg8 31. Rh3 Kf8 32. Rhg3 Qe7 33. Nd3 Ne8 34. Qg2 Nhf6 35. h5 Nxh5 36. Rh3 Nf4 37. Nxf4 exf4 38. Nh7+ Rxh7 39. Rxh7 Nf6 40. Rxg7 1-0

[Event "Antofagasta Zicosur op 3rd"]
[Site "Antofagasta"]
[Date "2017.01.15"]
[Round "9"]
[White "Poblete Rojas, Pablo"]
[Black "Zamorano, Jorge Adrian"]
[Result "0-1"]
[WhiteElo "2127"]
[BlackElo "2332"]
[PlyCount "64"]
[EventDate "2017.01.10"]
[EventType "swiss"]
[EventRounds "9"]
[EventCountry "CHI"]
[SourceTitle "CBM 176 Extra"]
[Source "ChessBase"]
[SourceDate "2017.03.02"]
[SourceVersion "1"]
[SourceVersionDate "2017.03.02"]
[SourceQuality "1"]

1. d4 Nf6 2. Nf3 e6 3. c4 b6 4. a3 Bb7 5. Nc3 d5 6. cxd5 Nxd5 7. Qc2 Be7 8. e4 Nxc3 9. bxc3 0-0 10. Bd3 c5 11. d5 c4 12. Bxc4 exd5 13. exd5 Bxd5 14. Bd3 h6 15. Nd4 Nc6 16. Nf5 Re8 17. 0-0 Bf8 18. Rd1 Qf6 19. Bb2 Qg5 20. Ng3 Rad8 21. c4 Be6 22. Ne4 Qh4 23. g3 Qg4 24. Bf1 Rxd1 25. Qxd1 Qxe4 26. Bg2 Qxc4 27. Rc1 Rd8 28. Qh5 Qb3 29. Ba1 Qxa3 30. Re1 Qa5 31. Qe2 Nd4 32. Qe4 Bf5 0-1

[Event "Antofagasta Zicosur op 3rd"]
[Site "Antofagasta"]
[Date "2017.01.13"]
[Round "6"]
[White "Zamorano, Jorge Adrian"]
[Black "Mekhitarian, Krikor Sevag"]
[Result "0-1"]
[WhiteElo "2332"]
[BlackElo "2559"]
[PlyCount "278"]
[EventDate "2017.01.10"]
[EventType "swiss"]
[EventRounds "9"]
[EventCountry "CHI"]
[SourceTitle "CBM 176 Extra"]
[Source "ChessBase"]
[SourceDate "2017.03.02"]
[SourceVersion "1"]
[SourceVersionDate "2017.03.02"]
[SourceQuality "1"]

1. e4 c5 2. Nf3 d6 3. d4 cxd4 4. Nxd4 Nf6 5. Nc3 a6 6. Be3 e5 7. Nb3 Be6 8. f3 h5 9. Qd2 Nbd7 10. Nd5 Bxd5 11. exd5 g6 12. Be2 Bg7 13. 0-0 0-0 14. Na5 Qc7 15. c4 Rfe8 16. Rac1 b6 17. Nc6 Nb8 18. Nxb8 Raxb8 19. b4 Nd7 20. Bd1 a5 21. bxa5 bxa5 22. Ba4 e4 23. Bb5 exf3 24. Rxf3 Re4 25. Rf4 Re7 26. Rff1 Rbe8 27. Bg5 Re4 28. Kh1 R8e5 29. Bf4 Rf5 30. Be3 Rxf1+ 31. Rxf1 a4 32. Bg1 Nc5 33. Re1 Qe7 34. Rxe4 Qxe4 35. Qd1 Nd3 36. Bxa4 Nb2 37. Bc2 Qxc4 38. Bb3 Qc3 39. Qc2 Qe1 40. Qf2 Qa1 41. g3 Nd3 42. Qe3 Ne5 43. Kg2 Bf6 44. Qe2 Qc3 45. Be3 Kg7 46. Qd2 Qc8 47. Bh6+ Kh7 48. Bf4 h4 49. h3 hxg3 50. Bxg3 Kg7 51. Qe2 Qc3 52. Be1 Qc1 53. Qd2 Qb1 54. Qe2 Qc1 55. Qd2 Qc5 56. Qe2 Qd4 57. Bf2 Qb4 58. Be1 Qb6 59. Bf2 Qc7 60. Qc2 Qa5 61. Qe2 Nd7 62. Be1 Qc5 63. Qg4 Ne5 64. Qe2 Qa3 65. Bf2 Qc1 66. Be3 Qb1 67. Qc2 Qe1 68. Bf2 Qb4 69. Qe2 Bh4 70. Bg1 Qc3 71. Be3 Bf6 72. Qd2 Qc8 73. Qc2 Qa6 74. Bf4 Qb5 75. Bg3 Qb4 76. Qe2 Nd7 77. Be1 Bc3 78. Bf2 Be5 79. Qg4 Qb7 80. Qc4 Nf6 81. Be3 Qd7 82. a4 Qd8 83. Bd2 Nd7 84. a5 Nc5 85. Bd1 Qb8 86. Qb4 Qa8 87. Qc4 Qb7 88. Be2 Qb2 89. Bc1 Qa1 90. Bd2 Qa3 91. Be1 Qa1 92. Bd2 Bd4 93. Qc1 Qa2 94. Bc4 Qa4 95. Be2 Be5 96. Qc4 Qa3 97. Be1 Qa1 98. Bd2 Bd4 99. Qc1 Qa2 100. Bc4 Qa4 101. Be2 Nb3 102. Qd1 Qa2 103. Bf4 Bc5 104. a6 Nd4 105. Kf1 Qxd5 106. Be3 Qh1+ 107. Kf2 Qh2+ 108. Kf1 Qxh3+ 109. Kf2 Nf5 110. Bxc5 Qg3+ 111. Kf1 dxc5 112. Qa1+ Kh7 113. Bb5 Qf3+ 114. Kg1 Qg3+ 115. Kf1 Qf3+ 116. Kg1 Ne3 117. Qa2 Qg3+ 118. Kh1 Qf3+ 119. Kg1 Qg4+ 120. Kh1 Qe4+ 121. Kg1 Qg4+ 122. Kh1 Qd1+ 123. Kh2 Qh5+ 124. Kg1 Qg5+ 125. Kh1 Qd5+ 126. Qxd5 Nxd5 127. Bc4 Nc7 128. Bxf7 Nxa6 129. Kg2 Kg7 130. Bc4 Nc7 131. Kf3 Ne8 132. Kf4 Kf6 133. Be2 Nd6 134. Bd3 g5+ 135. Kg4 c4 136. Bb1 c3 137. Kf3 Ke5 138. Ke3 Nc4+ 139. Kd3 Na3 0-1

[Event "Antofagasta Zicosur op 3rd"]
[Site "Antofagasta"]
[Date "2017.01.11"]
[Round "3"]
[White "Pichot, Alan"]
[Black "Zamorano, Jorge Adrian"]
[Result "1-0"]
[WhiteElo "2548"]
[BlackElo "2332"]
[PlyCount "55"]
[EventDate "2017.01.10"]
[EventType "swiss"]
[EventRounds "9"]
[EventCountry "CHI"]
[SourceTitle "CBM 176 Extra"]
[Source "ChessBase"]
[SourceDate "2017.03.02"]
[SourceVersion "1"]
[SourceVersionDate "2017.03.02"]
[SourceQuality "1"]

1. e4 c5 2. Nf3 d6 3. Bb5+ Bd7 4. Bxd7+ Qxd7 5. c4 Nc6 6. d4 cxd4 7. Nxd4 Nf6 8. Nc3 g6 9. f3 Bg7 10. Be3 0-0 11. 0-0 Rac8 12. b3 Qd8 13. Rf2 Qa5 14. Rc1 Rfe8 15. Rfc2 Nxd4 16. Bxd4 a6 17. Qd2 Nd7 18. Be3 Rc6 19. Qf2 e6 20. Bd4 Bxd4 21. Qxd4 Rec8 22. h3 b5 23. cxb5 axb5 24. Kh2 b4 25. Nd5 Rxc2 26. Ne7+ Kf8 27. Nxc8 Rxc8 28. Qxd6+ 1-0

[Event "Buenos Aires Guimard Memorial 4th"]
[Site "Buenos Aires"]
[Date "2016.10.10"]
[Round "7"]
[White "Hernandez Amura, Gilberto"]
[Black "Zamorano, Jorge Adrian"]
[Result "0-1"]
[WhiteElo "2049"]
[BlackElo "2322"]
[PlyCount "84"]
[EventDate "2016.10.08"]
[EventType "swiss"]
[EventRounds "7"]
[EventCountry "ARG"]
[SourceTitle "CBM 175 Extra"]
[Source "ChessBase"]
[SourceDate "2016.12.12"]
[SourceVersion "1"]
[SourceVersionDate "2016.12.12"]
[SourceQuality "1"]

1. d4 Nf6 2. Bg5 Ne4 3. Bf4 d5 4. e3 e6 5. Bd3 Nf6 6. Nf3 c5 7. 0-0 Nc6 8. c4 cxd4 9. exd4 dxc4 10. Bxc4 Bd6 11. Bg5 h6 12. Bh4 g5 13. Bg3 Bxg3 14. fxg3 g4 15. Ne5 Nxe5 16. dxe5 Qxd1 17. Rxd1 Nd7 18. Re1 Rg8 19. Nc3 Ke7 20. Re4 Rg5 21. Rae1 a6 22. a4 Nc5 23. Rd4 Nd7 24. Red1 Nxe5 25. Ne4 Rg8 26. Nd6 Rb8 27. Be2 h5 28. b4 Bd7 29. Nc4 Bxa4 30. Nxe5 Bxd1 31. Rxd1 Rgd8 32. Rf1 f5 33. Ng6+ Kf6 34. Nf4 e5 35. Nd3 b6 36. Ne1 Rd4 37. Bxa6 b5 38. Nc2 Rd6 39. Bxb5 Rxb5 40. Ne3 e4 41. Rb1 Ke5 42. Rb2 Rd4 0-1